Introduction to design and analysis : a student's handbook /

Bibliographic Details
Main Author: Keppel, Geoffrey
Other Authors: Saufley, William H.
Format: Book
Language:English
Published: San Francisco : W. H. Freeman, [1980]
Series:Series of books in psychology.
Subjects:

MARC

Tag First Indicator Second Indicator Subfields
LEADER 00000pam a2200000 i 4500
001 in00000660608
005 20151015095907.0
008 791106s1980 cau b 00110 eng
010 |a  79026166  
020 |a 0716711427 
020 |a 0716711435 (pbk.) 
035 |a (OCoLC)05727038 
035 |9 ACZ0737AM 
040 |a DLC  |c DLC  |d TXA  |d UtOrBLW 
049 |a TXAM  |c [1478947] 
050 0 0 |a BF39  |b .K46 
082 0 |a 150/.1/82 
100 1 |a Keppel, Geoffrey. 
245 1 0 |a Introduction to design and analysis :  |b a student's handbook /  |c Geoffrey Keppel, William H. Saufley, Jr. 
264 1 |a San Francisco :  |b W. H. Freeman,  |c [1980] 
264 4 |c ©1980 
300 |a xix, 490 pages :  |b graphs ;  |c 24 cm. 
336 |a text  |b txt  |2 rdacontent 
337 |a unmediated  |b n  |2 rdamedia 
338 |a volume  |b nc  |2 rdacarrier 
490 1 |a A Series of books in psychology 
500 |a Includes indexes. 
504 |a Bibliography: pages 479-481. 
650 0 |a Psychometrics. 
700 1 |a Saufley, William H. 
830 0 |a Series of books in psychology. 
999 |a MARS 
999 f f |s e563dfd0-6a8f-3981-aeeb-bc354c32978b  |i 1761722b-033e-3524-aa2d-e7a66fc26a05  |t 0 
952 f f |p ric  |a Texas A&M University  |b Rellis Campus  |c Joint Library Facility  |d Remote Storage  |t 0  |e BF39 .K46  |h Library of Congress classification  |i unmediated -- volume  |m A14801657483 
998 f f |a BF39 .K46  |t 0  |l Remote Storage